লোডিং...

Malayala vyakaranam/

গ্রন্থ-পঞ্জীর বিবরন
প্রধান লেখক: Gopikkuttan
বিন্যাস: Printed Book
ভাষা:Malayalam
প্রকাশিত: Kottayam: Current Books, 2002
LEADER 00607nam a22002057a 4500
003 OSt
005 20200624134643.0
008 160527b xxu||||| |||| 00| 0 mal d
041 |a mal 
041 |a mal 
082 |a 455 GOP/M 
100 |a Gopikkuttan 
245 |a Malayala vyakaranam/  |c Gopikkuttan 
260 |c 2002  |a Kottayam:  |b Current Books, 
300 |a 254p. 
546 |a In Malayalam 
546 |a In Malayalam 
942 |2 ddc  |c BK 
999 |c 329575  |d 329575 
952 |0 0  |1 0  |2 ddc  |4 0  |6 455_000000000000000_GOB_M  |7 0  |9 376170  |a CSC  |b CSC  |c ST1  |d 2016-05-27  |i 11967  |l 0  |o 455 GOB/M  |p CSC11967  |r 2016-05-27  |w 2016-05-27  |y BK